Central Library and Information Centre
Sibsagar Girls' College, Sivasagar : Assam

SAHITYIK SAKOLOLOI (Record no. 4809)

MARC details
000 -LEADER
fixed length control field 00496cam a2200205ua 4500
008 - FIXED-LENGTH DATA ELEMENTS--GENERAL INFORMATION
fixed length control field 161122n1959 II |||gr||||Z||||||asm
040 ## - CATALOGING SOURCE
Original cataloging agency MAIN
041 ## - LANGUAGE CODE
-- English
082 ## - DEWEY DECIMAL CLASSIFICATION NUMBER
Classification number 205 BHA
100 ## - MAIN ENTRY--PERSONAL NAME
Personal name BHAVE, BINUWA.
245 ## - TITLE STATEMENT
Title SAHITYIK SAKOLOLOI
250 ## - EDITION STATEMENT
Edition statement 1ST.
260 ## - PUBLICATION, DISTRIBUTION, ETC.
Place of publication, distribution, etc. GUWAHATI
Name of publisher, distributor, etc. SARVODAYA SAMITTEE
Date of publication, distribution, etc. 1959
300 ## - PHYSICAL DESCRIPTION
Extent 130:
Dimensions 20CM.
700 ## - ADDED ENTRY--PERSONAL NAME
Personal name BHAVE, BINUWA.,
Relator term AUTHOR.
700 ## - ADDED ENTRY--PERSONAL NAME
Personal name KHAGESWAR BHUYAN,
Relator term TRANSLATOR.
942 ## - ADDED ENTRY ELEMENTS (KOHA)
Koha item type Books
653 ## - INDEX TERM--UNCONTROLLED
Uncontrolled term Religious ethics
Holdings
Withdrawn status Lost status Damaged status Not for loan Collection code Home library Current library Shelving location Date acquired Full call number Barcode Date last seen Copy number Price effective from Koha item type Public note
        REFASM Central Library and Information Centre Sibsagar Girls College Central Library and Information Centre Sibsagar Girls College ASSAMESE REFERENCE RACK 15.05.1975 205 BHA 04557 27.02.2020 1 27.02.2020 Books V


Sibsagar Girl's College © 2020. All rights reserved.
Powered by Koha.
Maintained by Abhijit Borpuzari.